| 000 | 01141cam a22003257a 4500 | ||
|---|---|---|---|
| 003 | CHAP | ||
| 005 | 20251127090245.0 | ||
| 008 | 971013s1990 mx r 00010 spa d | ||
| 010 | _a5211 | ||
| 011 | _a6183 | ||
| 035 | _a5403 | ||
| 040 | _cCHAP | ||
| 090 | _aFolleto 13826 | ||
| 100 | 1 | 0 |
_aDíaz Cárdenas, Salvador _933418 |
| 245 | 1 | 0 | _aAcopio y calidad de café en el beneficio húmedo, Cruxtitla, Huatusco, Ver. |
| 260 |
_aHuatusco, Ver. : _bUACH. Centro Regional Universitario Oriente, _c1990 |
||
| 300 | _a13 h. | ||
| 590 |
_aBATCH-UPD _b10 _c20130110 _lUCH01 _h0919 |
||
| 590 |
_aBATCH-UPD _b10 _c20130410 _lUCH01 _h0542 |
||
| 590 |
_aBATCH-UPD _b10 _c20130914 _lUCH01 _h0810 |
||
| 590 |
_aCONVERSION _b10 _c20130109 _lUCH01 _h1304 |
||
| 650 | 1 | 4 |
_aCafé _xProcesado. _917188 |
| 650 | 1 | 4 |
_aCafé _zVeracruz. |
| 700 | 0 |
_aJiménez Zilli, Jorge. _961685 |
|
| 700 | 1 |
_aPartida Sedas, José Gervasio _985805 |
|
| 711 | 0 |
_aCurso Teórico Práctico Cafeticultura : Producción, Beneficio y Comercialización _d(1990 : _cChapingo, Méx.) _930696 |
|
| 901 | _aBK | ||
| 942 | _cFOLL | ||
| 949 |
_aFolleto 13826 _bBC _cUACH _d-14978 _eUACH _i5403 _mD _si |
||
| 999 |
_c5211 _d5211 |
||